000 00299nam a22001217a 4500
008 160429b xxu||||| |||| 00| 0 eng d
020 _a9780323016476
020 _a0323016472
041 _aeng
080 _a618.2
245 _aMedical surgical nursing care:
_cPamela L. Swearingen;
942 _2udc
_cBK
999 _c1672
_d1672